| 000 | 00802nam a2200229 a 4500 | ||
|---|---|---|---|
| 001 | 000003006 | ||
| 005 | 20240530073910.0 | ||
| 008 | 090706s2009 dr 000 0 spa d | ||
| 020 | _a9789945868500 | ||
| 040 |
_aDO-SdBNP _bspa _cBNPHU |
||
| 082 |
_aRD863.44 _bS689s |
||
| 100 | 1 |
_aSolorín, Ramón M., _d1953- _99542 |
|
| 245 | 1 | 0 |
_aSol naciente : _bnovela / _cRamón M. Solorín. |
| 260 |
_a[Santo Domingo] : _bServicios Gráficos Integrados JVR, _c2009. |
||
| 300 |
_a249 p. ; _c21 cm. |
||
| 500 | _aIncluye datos biográficos del autor en las solapas | ||
| 590 | _aLa biblioteca posee tres ejemplares autografiados por el autor. | ||
| 590 | _aInventariado, 2020 / DG | ||
| 650 | 0 |
_aNovela dominicana _9223 |
|
| 650 | 0 |
_aLiteratura dominicana. _967 |
|
| 910 | _aValidado. Control de calidad MMOLINA | ||
| 999 |
_c2838 _d2838 |
||